MARC-detaljer
| 000 -LEADER |
| fixed length control field |
03932cam a22008537i 4500 |
| 001 - CONTROL NUMBER |
| control field |
v69mtg3wsrjprj96 |
| 003 - CONTROL NUMBER IDENTIFIER |
| control field |
LIBRIS |
| 005 - DATE AND TIME OF LATEST TRANSACTION |
| control field |
20201103132706.0 |
| 008 - FIXED-LENGTH DATA ELEMENTS--GENERAL INFORMATION |
| fixed length control field |
200406s2020 ne a|||||b||||001 0|eng|d |
| 015 ## - NATIONAL BIBLIOGRAPHY NUMBER |
| National bibliography number |
GBC011583 |
| Source |
bnb |
| 016 7# - NATIONAL BIBLIOGRAPHIC AGENCY CONTROL NUMBER |
| Record control number |
019688912 |
| Source |
Uk |
| 020 ## - INTERNATIONAL STANDARD BOOK NUMBER |
| International Standard Book Number |
9780323673228 |
| Qualifying information |
(pbk.) : |
| 020 ## - INTERNATIONAL STANDARD BOOK NUMBER |
| International Standard Book Number |
0323673228 |
| 035 ## - SYSTEM CONTROL NUMBER |
| System control number |
(OCoLC)on1140124279 |
| 040 ## - CATALOGING SOURCE |
| Original cataloging agency |
Lmem |
| Language of cataloging |
eng |
| Modifying agency |
OCLCO |
| -- |
OCLCF |
| Description conventions |
i |
| -- |
rda |
| 041 ## - LANGUAGE CODE |
| Language code of text/sound track or separate title |
eng |
| 082 04 - DEWEY DECIMAL CLASSIFICATION NUMBER |
| Classification number |
616.9041 |
| Edition number |
23 |
| 084 ## - OTHER CLASSIFICATION NUMBER |
| Classification number |
Vab |
| Number source |
kssb/8 (machine generated) |
| 100 1# - MAIN ENTRY--PERSONAL NAME |
| Personal name |
Murray, Patrick R. |
| Relationship |
aut |
| 245 10 - TITLE STATEMENT |
| Title |
Medical microbiology / |
| Statement of responsibility, etc. |
Patrick R. Murray, Ken S. Rosenthal, Michael A. Pfaller. |
| 250 ## - EDITION STATEMENT |
| Edition statement |
Ninth edition. |
| 264 #1 - PRODUCTION, PUBLICATION, DISTRIBUTION, MANUFACTURE, AND COPYRIGHT NOTICE |
| Place of production, publication, distribution, manufacture |
Amsterdam : |
| Name of producer, publisher, distributor, manufacturer |
Elsevier, |
| Date of production, publication, distribution, manufacture, or copyright notice |
2020 |
| 300 ## - PHYSICAL DESCRIPTION |
| Extent |
1 volume |
| Other physical details |
illustrations (black and white, and colour) |
| Dimensions |
28 cm |
| 336 ## - CONTENT TYPE |
| Content type term |
text |
| Content type code |
txt |
| Source |
rdacontent |
| 336 ## - CONTENT TYPE |
| Content type term |
still image |
| Content type code |
sti |
| Source |
rdacontent |
| 337 ## - MEDIA TYPE |
| Media type term |
unmediated |
| Media type code |
n |
| Source |
rdamedia |
| 338 ## - CARRIER TYPE |
| Carrier type term |
volume |
| Carrier type code |
nc |
| Source |
rdacarrier |
| 504 ## - BIBLIOGRAPHY, ETC. NOTE |
| Bibliography, etc. note |
Includes bibliographical references and index. |
| 650 #7 - SUBJECT ADDED ENTRY--TOPICAL TERM |
| Topical term or geographic name entry element |
Medicinsk mikrobiologi |
| Authority record control number or standard number |
https://id.kb.se/term/sao/Medicinsk%20mikrobiologi |
| Source of heading or term |
sao |
| 650 #7 - SUBJECT ADDED ENTRY--TOPICAL TERM |
| Topical term or geographic name entry element |
Parasitologi |
| Authority record control number or standard number |
https://id.kb.se/term/sao/Parasitologi |
| Source of heading or term |
sao |
| 650 #0 - SUBJECT ADDED ENTRY--TOPICAL TERM |
| Topical term or geographic name entry element |
Medical microbiology. |
| 650 12 - SUBJECT ADDED ENTRY--TOPICAL TERM |
| Topical term or geographic name entry element |
Microbiology. |
| 650 22 - SUBJECT ADDED ENTRY--TOPICAL TERM |
| Topical term or geographic name entry element |
Microbiological Techniques. |
| 650 22 - SUBJECT ADDED ENTRY--TOPICAL TERM |
| Topical term or geographic name entry element |
Parasitology. |
| 650 #7 - SUBJECT ADDED ENTRY--TOPICAL TERM |
| Topical term or geographic name entry element |
Medical microbiology. |
| Source of heading or term |
fast |
| 650 #0 - SUBJECT ADDED ENTRY--TOPICAL TERM |
| Topical term or geographic name entry element |
Medical microbiology |
| 650 #0 - SUBJECT ADDED ENTRY--TOPICAL TERM |
| Topical term or geographic name entry element |
Parasitology |
| 653 ## - INDEX TERM--UNCONTROLLED |
| Uncontrolled term |
Medicinsk mikrobiologi |
| 653 ## - INDEX TERM--UNCONTROLLED |
| Uncontrolled term |
Medical microbiology |
| 700 1# - ADDED ENTRY--PERSONAL NAME |
| Personal name |
Rosenthal, Ken S. |
| Relationship |
aut |
| 700 1# - ADDED ENTRY--PERSONAL NAME |
| Personal name |
Pfaller, Michael A. |
| Relationship |
aut |
| 887 ## - NON-MARC INFORMATION FIELD |
| Content of non-MARC field |
{"@id":"v69mtg3wsrjprj96","modified":"2020-06-23T13:19:00.519+02:00","checksum":"127828238850"} |
| Source of data |
librisxl |
| 887 ## - NON-MARC INFORMATION FIELD |
| Content of non-MARC field |
{"@id":"9mw4cqgk7160wv3p","modified":"2020-06-22T10:05:10.37+02:00","checksum":"191312082712"} |
| Source of data |
librisxl |
| 887 ## - NON-MARC INFORMATION FIELD |
| Content of non-MARC field |
{"@id":"3fpc4zbb1d207v3l","modified":"2020-05-14T16:23:14.383+02:00","checksum":"182167751887"} |
| Source of data |
librisxl |
| 887 ## - NON-MARC INFORMATION FIELD |
| Content of non-MARC field |
{"@id":"lx6xg548jnsr3blr","modified":"2020-05-29T15:17:48.02+02:00","checksum":"170066125148"} |
| Source of data |
librisxl |
| 887 ## - NON-MARC INFORMATION FIELD |
| Content of non-MARC field |
{"@id":"v69mvw99s5s78j15","modified":"2020-04-06T16:43:34.979+02:00","checksum":"186894804012"} |
| Source of data |
librisxl |
| 887 ## - NON-MARC INFORMATION FIELD |
| Content of non-MARC field |
{"@id":"6jz503hf4cjf6grv","modified":"2020-06-23T13:19:13.178+02:00","checksum":"184356497153"} |
| Source of data |
librisxl |
| 887 ## - NON-MARC INFORMATION FIELD |
| Content of non-MARC field |
{"@id":"9mq28x40717bsznf","modified":"2020-04-06T16:38:22.002+02:00","checksum":"188809478389"} |
| Source of data |
librisxl |
| 887 ## - NON-MARC INFORMATION FIELD |
| Content of non-MARC field |
{"@id":"jwgl65xng2strnvh","modified":"2020-08-05T13:07:23.166+02:00","checksum":"168627590416"} |
| Source of data |
librisxl |
| 887 ## - NON-MARC INFORMATION FIELD |
| Content of non-MARC field |
{"@id":"s5sck1jsqsc8z062","modified":"2020-08-26T15:56:54.688+02:00","checksum":"181210876605"} |
| Source of data |
librisxl |
| 887 ## - NON-MARC INFORMATION FIELD |
| Content of non-MARC field |
{"@id":"0c0sshn6xhrf1mxv","modified":"2020-09-24T11:43:30.857+02:00","checksum":"179568206130"} |
| Source of data |
librisxl |
| 942 ## - ADDED ENTRY ELEMENTS (KOHA) |
| Source of classification or shelving scheme |
Other/Generic Classification Scheme |
| Koha item type |
Bok |